Sea songs and shantics (Record no. 1078)

000 -LEADER
fixed length control field 00385nam a22001577a 4500
008 - FIXED-LENGTH DATA ELEMENTS--GENERAL INFORMATION
fixed length control field 200109b ||||| |||| 00| 0 eng d
082 00 - DEWEY DECIMAL CLASSIFICATION NUMBER
Classification number 794.4
Item number W5527
100 ## - MAIN ENTRY--PERSONAL NAME
9 (RLIN) 651
Personal name Whall, W. B.
245 10 - TITLE STATEMENT
Title Sea songs and shantics
250 ## - EDITION STATEMENT
Edition statement 6th
260 ## - PUBLICATION, DISTRIBUTION, ETC. (IMPRINT)
Place of publication, distribution, etc Glasgow
Name of publisher, distributor, etc Brown,Son & Ferguson
Date of publication, distribution, etc 1948
300 ## - PHYSICAL DESCRIPTION
Extent xx,154p.
365 ## - TRADE PRICE
Unit of pricing 6.06
650 #0 - SUBJECT ADDED ENTRY--TOPICAL TERM
Topical term or geographic name as entry element Sea Songs
942 ## - ADDED ENTRY ELEMENTS (KOHA)
Item type Books
Holdings
Withdrawn status Lost status Source of classification or shelving scheme Damaged status Not for loan Permanent location Current location Date acquired Source of acquisition Full call number Barcode Date last seen Koha item type
          IMU Kolkata IMU Kolkata 1952-11-26 E. Stevens & Co 794.4 W5527 00875 2020-01-09 Books
          IMU Kolkata IMU Kolkata 1952-11-26 E. Stevens & Co 794.4 W5527 00876 2020-01-09 Books
  Lost       IMU Kolkata IMU Kolkata 1952-11-24 E. Steves & Co 794.4 W5527 00877 2020-07-20 Books
Designed and Maintained by IMU-KC Library, Kolkata Campus © Copyright All Rights Reserved

webs counters

Powered by Koha